| 000 -LEADER |
| fixed length control field |
00622cam a22001451 4500 |
| 040 ## - CATALOGING SOURCE |
| Transcribing agency |
ScU |
| 082 ## - DEWEY DECIMAL CLASSIFICATION NUMBER |
| Classification number |
338 HAP 1848 A072 Or. |
| 100 1# - MAIN ENTRY--AUTHOR NAME |
| Personal name |
Salkeld, Joseph. |
| 245 02 - TITLE STATEMENT |
| Title |
A first book in Spanish; |
| Remainder of title |
or, A practical introduction to the study of the Spanish language: containing full instructions in pronunciation, a grammar; exercises on the Ollendorff method of constant initation and repetition; reading lessons; and a vocabulary. |
| 260 ## - PUBLICATION, DISTRIBUTION, ETC. (IMPRINT) |
| Place of publication |
New York, |
| Name of publisher |
Harper and Brothers, |
| Year of publication |
1848. |
| 300 ## - PHYSICAL DESCRIPTION |
| Number of Pages |
396 p. |
| Dimensions |
19 cm. |
| 650 #0 - SUBJECT ADDED ENTRY--TOPICAL TERM |
| Topical Term |
Spanish language |
| 856 41 - ELECTRONIC LOCATION AND ACCESS |
| Uniform Resource Identifier |
http://hdl.loc.gov/loc.gdc/scd0001.00032130732 |
| 942 ## - ADDED ENTRY ELEMENTS (KOHA) |
| Koha item type |
សៀវភៅភាសាអង់គ្លេស |
| 952 ## - LOCATION AND ITEM INFORMATION (KOHA) |
| Withdrawn status [LOCAL, KOHA] |
0 |